| Tag |
First Indicator |
Second Indicator |
Subfields |
| LEADER |
00000cam a2200000 a 4500 |
| 001 |
in00000072735 |
| 005 |
20220103114831.0 |
| 007 |
cr unu a |
| 008 |
820413s1981 txua b 00010 eng d |
| 035 |
|
|
|9 AAJ1155AM
|
| 035 |
|
|
|a (OCoLC)08331874
|
| 040 |
|
|
|a TXA
|c TXA
|d UtOrBLW
|
| 043 |
|
|
|a nwcj---
|
| 049 |
|
|
|a TXAZ [Also in] [Archives]
|c 1 [1803752], 2 [1803753]
|
| 099 |
|
|
|a 1981
|a Thesis
|a S658
|
| 100 |
1 |
|
|a Smith, Roger Craig,
|d 1949-
|
| 245 |
1 |
4 |
|a The maritime heritage of the Cayman Islands : contributions in nautical archaeology /
|c by Roger Craig Smith.
|
| 264 |
|
1 |
|a [Place of publication not identified] :
|b [publisher not identified] ;
|c 1981.
|
| 300 |
|
|
|a xx, 166 leaves :
|b illustrations ;
|c 29 cm.
|
| 336 |
|
|
|a text
|b txt
|2 rdacontent
|
| 337 |
|
|
|a computer
|b c
|2 rdamedia
|
| 338 |
|
|
|a online resource
|b cr
|2 rdacarrier
|
| 500 |
|
|
|a "Major subject: Anthropology."
|
| 500 |
|
|
|a Typescript (photocopy).
|
| 500 |
|
|
|a Vita.
|
| 502 |
|
|
|b M.S.
|c Texas A&M University
|d 1981.
|
| 504 |
|
|
|a Bibliography: leaves 149-150.
|
| 530 |
|
|
|a Also available online.
|
| 650 |
|
0 |
|a Turtle fisheries.
|
| 650 |
|
0 |
|a Underwater archaeology
|z Cayman Islands.
|
| 650 |
|
4 |
|a Major anthropology.
|
| 651 |
|
0 |
|a Cayman Islands
|x Antiquities.
|
| 856 |
4 |
1 |
|u https://hdl.handle.net/1969.1/ETD-TAMU-1981-THESIS-S658
|z Link to OAKTrust copy
|t 0
|
| 999 |
|
|
|a MARS
|
| 999 |
f |
f |
|s deba5f64-5b21-34c3-8f00-3f0c2b34b15a
|i bb49eaae-66ac-39e3-90d1-f9f3fb952aa1
|t 0
|
| 952 |
f |
f |
|p noncirc
|a Texas A&M University
|b J.J. Pickle Campus
|c High Density Repository
|s HDR
|d Remote Storage
|t 0
|e 1981 Thesis S658
|h Other scheme
|i computer -- online resource
|m A14841007610
|
| 952 |
f |
f |
|a Texas A&M University
|b College Station
|c Electronic Resources
|s www_evans
|d Available Online
|t 0
|e 1981 Thesis S658
|h Other scheme
|
| 998 |
f |
f |
|a 1981 Thesis S658
|t 0
|l Remote Storage
|
| 998 |
f |
f |
|a 1981 Thesis S658
|t 0
|l Available Online
|